000 00701nam a22002177a 4500
005 20251108164359.0
008 250721s1995 xx 000 0 ara d
082 1 4 _a720.28402854/محم
100 1 _aقبيعه، محمد جمال أحمد
245 1 0 _aالمرجع المتقدم لإستخدام البرنامج أتوكاد 12 /
246 1 1 _aAutocad
264 1 _aبيروت :
_bدار الراتب الجامعيه،
_c1995.
300 _a462ص
650 1 7 _aالرسم المعماري
650 1 7 _aالرسم الهندسي
650 1 7 _aالحواسيب
650 1 7 _aالرسم بمساعدة الحاسوب
650 1 7 _aأوتوكاد
942 _2ddc
_cBK
999 _c10736
_d10736